Select all the Brands that... - Statistics

General Stats
  • This quiz has been taken 66 times
  • The average score is 61 of 80
Answer Stats
Question Tile Select % Correct
were made in the United States Yes
98%
were made in the United States Yes
96%
makes cars Yes
95%
were made in the United States Yes
93%
makes cars Yes
93%
makes cars Yes
93%
makes cars No
91%
makes cars No
91%
makes cars No
91%
makes cars No
91%
makes cars No
91%
makes cars No
91%
makes cars No
91%
makes cars Yes
91%
makes cars No
91%
makes cars No
91%
makes cars No
89%
were made in the United States Yes
88%
were made in the United States Yes
88%
makes cars No
88%
have a brand value of more than $50 billion Yes
88%
were made in the United States Yes
86%
were made in the United States No
84%
were made in the United States No
84%
were made in the United States No
84%
makes cars Yes
84%
were made in Europe No
84%
were made in Europe No
84%
have a brand value of more than $50 billion Yes
84%
were founded after the year 2000 No
84%
were founded after the year 2000 No
84%
were founded after the year 2000 No
84%
were founded after the year 2000 No
84%
were founded after the year 2000 No
84%
were founded after the year 2000 No
84%
were made in the United States No
82%
were made in the United States No
82%
were made in the United States No
82%
were made in Europe Yes
82%
were made in Europe No
82%
were founded after the year 2000 No
82%
were made in Europe No
80%
were made in Europe No
80%
were made in the United States No
79%
were made in Europe No
79%
were made in Europe Yes
79%
were founded after the year 2000 Yes
79%
were made in the United States Yes
77%
were made in Europe No
77%
were made in Europe No
77%
were made in Europe No
77%
have a brand value of more than $50 billion Yes
77%
were founded after the year 2000 No
77%
were founded after the year 2000 No
77%
were made in Europe No
75%
have a brand value of more than $50 billion No
75%
were founded after the year 2000 No
75%
were founded after the year 2000 Yes
75%
were founded after the year 2000 No
73%
were made in the United States No
70%
were made in Europe Yes
70%
have a brand value of more than $50 billion No
70%
have a brand value of more than $50 billion Yes
66%
were made in the United States No
63%
have a brand value of more than $50 billion No
63%
have a brand value of more than $50 billion No
61%
were founded after the year 2000 No
61%
have a brand value of more than $50 billion No
59%
were made in Europe Yes
57%
were made in Europe Yes
55%
have a brand value of more than $50 billion No
55%
have a brand value of more than $50 billion No
50%
have a brand value of more than $50 billion No
48%
have a brand value of more than $50 billion No
48%
were founded after the year 2000 No
46%
have a brand value of more than $50 billion No
45%
were made in Europe No
43%
were founded after the year 2000 No
39%
have a brand value of more than $50 billion No
34%
have a brand value of more than $50 billion No
11%
No matching quizzes found
Score Distribution
Percent of People with Each Score
Percentile by Number Answered
Your Score History
You have not taken this quiz